Многоканальный электрический пробой горных пород в условиях однополярного и двуполярного импульса напряжения: автореферат диссертации на соискание ученой степени кандидата технических наук; спец. 2.4.4

מידע ביבליוגרפי
מחבר ראשי: Петренко Е. Евгений
מחבר תאגידי: Национальный исследовательский Томский политехнический университет Инженерная школа новых производственных технологий Отделение материаловедения
מחברים אחרים: Пушкарёв А. И. Александр Иванович (научный руководитель)
סיכום:Заглавие с титульного экрана
Электронная версия печатной публикации
Защита сост. 21.04.2023
שפה:רוסית
יצא לאור: Томск, 2023
נושאים:
גישה מקוונת:http://earchive.tpu.ru/handle/11683/74699
פורמט: אלקטרוני ספר
KOHA link:https://koha.lib.tpu.ru/cgi-bin/koha/opac-detail.pl?biblionumber=377335

MARC

LEADER 00000nlm0a2200000 4500
001 377335
005 20240724151457.0
035 |a (RuTPU)RU\TPU\retro\34784 
035 |a RU\TPU\retro\34717 
090 |a 377335 
100 |a 20230221d2023 k y0rusy50 ca 
101 0 |a rus 
102 |a RU 
105 |a a dm 000zy 
135 |a drcn ---uucaa 
181 0 |a i  
182 0 |a b 
200 1 |a Многоканальный электрический пробой горных пород в условиях однополярного и двуполярного импульса напряжения  |e автореферат диссертации на соискание ученой степени кандидата технических наук  |e спец. 2.4.4  |f Е. Петренко  |g Национальный исследовательский Томский политехнический университет ; науч. рук. А. И. Пушкарёв 
203 |a Текст  |c электронный 
210 |a Томск  |d 2023 
215 |a 1 файл (1,57 МБ) 
300 |a Заглавие с титульного экрана 
300 |a Электронная версия печатной публикации 
300 |a Защита сост. 21.04.2023 
338 |b Российский фонд фундаментальных исследований  |d 16-48-700278 
338 |b Российский фонд фундаментальных исследований  |d 19-38-90071 
452 1 |0 (RuTPU)RU\TPU\retro\35853  |t Многоканальный электрический пробой горных пород в условиях однополярного и двуполярного импульса напряжения  |o автореферат диссертации на соискание ученой степени кандидата технических наук  |o спец. 2.4.4  |f Е. Петренко  |g Национальный исследовательский Томский политехнический университет ; науч. рук. А. И. Пушкарёв  |c Томск  |n [Б.и.]  |d 2023  |p 22 с.  |a Петренко, Евгений 
606 1 |a Твердые тела  |x Разрушение  |x Электроимпульсный метод  |2 stltpush  |3 (RuTPU)RU\TPU\subj\58677  |9 76442 
610 1 |a электронный ресурс 
610 1 |a авторефераты диссертаций 
610 1 |a труды учёных ТПУ 
610 1 |a электрические пробои 
610 1 |a горные породы 
610 1 |a импульсы напряжения 
610 1 |a электроимпульсное разрушение 
610 1 |a твердые диэлектрики 
610 1 |a электроразрядные технологии 
610 1 |a численное моделирование 
610 1 |a диэлектрические среды 
610 1 |a пробивные напряжения 
610 1 |a граниты 
610 1 |a волновая динамика 
610 1 |a трещины отрыва 
610 1 |a электронная микроскопия 
610 1 |a магнетиты 
675 |a 622.236.7(04)  |v 4 
686 |a 01.04.13  |2 oksvnk 
686 |a 05.09.10  |2 oksvnk 
700 1 |a Петренко  |b Е.  |c специалист в области материаловедения  |c инженер-исследователь Томского политехнического университета  |f 1993-  |g Евгений  |3 (RuTPU)RU\TPU\pers\42439 
702 1 |a Пушкарёв  |b А. И.  |c физик  |c профессор Томского политехнического университета, доктор физико-математических наук  |c старший научный сотрудник НИИ ВН Томского политехнического университета  |f 1954-  |g Александр Иванович  |3 (RuTPU)RU\TPU\pers\26414  |4 727  |9 12118 
712 0 2 |a Национальный исследовательский Томский политехнический университет  |b Инженерная школа новых производственных технологий  |b Отделение материаловедения  |3 (RuTPU)RU\TPU\col\23508 
801 2 |a RU  |b 63413507  |c 20230616  |g RCR 
856 4 |u http://earchive.tpu.ru/handle/11683/74699 
942 |c CF